[Event "chess.com Blitz Final 3m+2spm 2016"]
[Site "chess.com INT"]
[Date "2016.10.27"]
[Round "15"]
[White "Nakamura,Hi"]
[Black "Carlsen,M"]
[Result "1-0"]
[WhiteElo "2787"]
[BlackElo "2853"]

1.e4 e5 2.Nf3 Nc6 3.Bb5 Nf6 4.O-O Nxe4 5.Re1 Nd6 6.Nxe5 Be7 7.Bf1 O-O 8.Nc3 Nxe5
9.Rxe5 Ne8 10.Nd5 Bd6 11.Re1 c6 12.Ne3 Bc7 13.Nf5 d5 14.Ne7+ Kh8 15.Nxc8 Rxc8
16.g3 Nd6 17.Bh3 f5 18.d3 Qd7 19.Qh5 Rce8 20.Bf4 g6 21.Qf3 Nf7 22.Bd2 Rxe1+
23.Rxe1 Re8 24.Qd1 Kg8 25.a4 a6 26.a5 Qd8 27.b4 Rxe1+ 28.Qxe1 Ne5 29.Qe2 d4
30.Bg2 Qd7 31.Bf4 Nf7 32.Bd2 Nd8 33.c4 dxc3 34.Bxc3 Ne6 35.d4 Bd8 36.d5 cxd5
37.Qe5 d4 38.Bd5 Kf7 39.Bxd4 Be7 40.Qg7+ Ke8 41.Qg8+ Nf8 42.Qf7+ Kd8 43.Bb6+ Kc8
44.Bb3 Bd6 45.Qc4+ Qc6 46.Qd4 Bc7 47.Qg7 Bxb6 48.axb6 Qc1+ 49.Kg2 Qc6+ 50.Kh3 Qd6
51.Bd5 Nd7 52.Qg8+ Nf8 53.Qf7 Nd7 54.Qe8+  1-0

[Event "chess.com Blitz Final 3m+2spm 2016"]
[Site "chess.com INT"]
[Date "2016.10.27"]
[Round "16"]
[White "Carlsen,M"]
[Black "Nakamura,Hi"]
[Result "1-0"]
[WhiteElo "2853"]
[BlackElo "2787"]

1.Nf3 d5 2.g3 g6 3.c4 dxc4 4.Na3 Bg7 5.Nxc4 Nc6 6.Bg2 e5 7.d3 Nge7 8.O-O O-O
9.Bd2 Nd5 10.Rc1 h6 11.a3 Be6 12.b4 a6 13.e4 Nb6 14.Na5 Qxd3 15.Nxb7 Bc4
16.Re1 Qxa3 17.Na5 Nxa5 18.bxa5 Bb3 19.Re3 Bxd1 20.Rxa3 Bxf3 21.Bxf3 Nc8
22.Rxc7 Nd6 23.Be2 Nxe4 24.Be3 Rfd8 25.Rd3 Rxd3 26.Bxd3 Nd6 27.Rc6 Nf5 28.Bc5 Bf8
29.Bxf8 Kxf8 30.Bxf5 gxf5 31.Rxh6 Kg7 32.Rb6 f6 33.Kg2 Kg6 34.Kf3 Rc8 35.Rxa6 Rc3+
36.Ke2 Rc2+ 37.Ke3 Ra2 38.Ra8 f4+ 39.gxf4 exf4+ 40.Kf3 Kf5 41.a6 Ra3+ 42.Kg2 Kg6
43.h4 Kg7 44.a7 Kh7 45.f3 Ra2+ 46.Kf1 Kg7 47.Ke1 Kh7 48.Kd1 Kg7 49.Kc1 f5
50.Kb1 Ra6 51.Kb2 Kh7 52.Kc3 Kg7 53.Kb4 Kh7 54.Kc5 Ra1 55.Kd5 Ra5+ 56.Ke6 Kg7
57.h5 Ra4 58.Kxf5 Kh7 59.Kg4 Kg7 60.Kg5 Kh7 61.h6  1-0

[Event "chess.com Blitz Final 1m+1spm 2016"]
[Site "chess.com INT"]
[Date "2016.10.27"]
[Round "18"]
[White "Carlsen,M"]
[Black "Nakamura,Hi"]
[Result "1-0"]
[WhiteElo "2853"]
[BlackElo "2787"]

1.Nf3 Nf6 2.g3 g6 3.Bg2 Bg7 4.O-O O-O 5.c4 c5 6.Nc3 Nc6 7.d4 d6 8.d5 Na5
9.Nd2 a6 10.Rb1 Rb8 11.b3 b5 12.Qc2 Bf5 13.e4 Bd7 14.Ne2 e6 15.Bb2 exd5 16.cxd5 Re8
17.Rfe1 b4 18.Nf4 Ng4 19.Bxg7 Kxg7 20.Nd3 Bb5 21.Nc4 Bxc4 22.bxc4 Qf6 23.h3 Ne5
24.Nxe5 Qxe5 25.Rbc1 b3 26.axb3 Nxb3 27.Rb1 Nd4 28.Qd3 g5 29.Qd2 Kh8 30.f4 gxf4
31.gxf4 Qg7 32.Qf2 Ra8 33.Kh2 a5 34.Rb7 a4 35.e5 a3 36.e6 Rf8 37.Ra1 Nxe6
38.Rxa3 Rxa3 39.dxe6 Qf6 40.exf7 Rxf7 41.Rxf7 Qxf7 42.Qb2+  1-0

[Event "chess.com Blitz Final 1m+1spm 2016"]
[Site "chess.com INT"]
[Date "2016.10.27"]
[Round "19"]
[White "Nakamura,Hi"]
[Black "Carlsen,M"]
[Result "1-0"]
[WhiteElo "2787"]
[BlackElo "2853"]

1.d4 Nf6 2.Nf3 e6 3.e3 c5 4.c4 d5 5.Nc3 cxd4 6.Nxd4 Nc6 7.cxd5 Nxd5 8.Nxc6 bxc6
9.Bd2 Be7 10.Qc2 O-O 11.Be2 Rb8 12.a3 Nxc3 13.Bxc3 Qb6 14.Bd3 h6 15.Qe2 Rd8
16.Rd1 c5 17.O-O Bb7 18.Qg4 Bf8 19.Bc2 Rxd1 20.Rxd1 Rd8 21.h4 Rxd1+ 22.Qxd1 Qc6
23.f3 Qc7 24.Qd3 f5 25.Bb3 Qf7 26.Qd8 Bd5 27.Bxd5 exd5 28.h5 Kh7 29.Kf1 f4
30.e4 d4 31.Bd2 Be7 32.Qd5 Qxd5 33.exd5 Bd6 34.b3 g6 35.Ke2 gxh5 36.Kd3 Kg6
37.Ke4 Kg5 38.b4 cxb4 39.Bxb4 Bc7 40.Be7+  1-0

[Event "chess.com Blitz Final 1m+1spm 2016"]
[Site "chess.com INT"]
[Date "2016.10.27"]
[Round "20"]
[White "Carlsen,M"]
[Black "Nakamura,Hi"]
[Result "1-0"]
[WhiteElo "2853"]
[BlackElo "2787"]

1.d4 g6 2.e4 Bg7 3.Nf3 d6 4.Bc4 Nf6 5.Qe2 c6 6.Bb3 O-O 7.O-O a5 8.a3 Bg4
9.Nbd2 Nbd7 10.h3 Bxf3 11.Nxf3 e5 12.dxe5 dxe5 13.c3 Nc5 14.Bc2 a4 15.Nxe5 Re8
16.f4 Nh5 17.Qf2 Qe7 18.Be3 Nb3 19.Bxb3 axb3 20.Rad1 f6 21.Bc5 Qe6 22.Nd7 Rad8
23.Rd6 Qxe4 24.g4 b6 25.Bxb6 Qe7 26.Rfd1 Nxf4 27.Qxf4  1-0

[Event "chess.com Blitz Final 1m+1spm 2016"]
[Site "chess.com INT"]
[Date "2016.10.27"]
[Round "21"]
[White "Nakamura,Hi"]
[Black "Carlsen,M"]
[Result "1-0"]
[WhiteElo "2787"]
[BlackElo "2853"]

1.d4 Nf6 2.Nf3 e6 3.e3 b6 4.c4 Bb7 5.Nc3 Bb4 6.Bd3 O-O 7.O-O c5 8.Bd2 cxd4
9.exd4 d5 10.a3 Bxc3 11.Bxc3 dxc4 12.Bxc4 Ba6 13.b3 Bxc4 14.bxc4 Nbd7 15.Rc1 Rc8
16.Qa4 Qc7 17.Bb4 Rfd8 18.Rfd1 Qb7 19.Qb3 h6 20.h3 Nf8 21.Ne5 N6d7 22.Bxf8 Kxf8
23.Ng4 h5 24.Ne3 Kg8 25.d5 Nc5 26.Qb2 Qe7 27.Qe5 Qf6 28.Qxh5 Ne4 29.Rc2 Nc3
30.Ng4 Qf5 31.Qxf5 exf5 32.Nf6+ gxf6 33.Rxc3 Rc5 34.h4 b5 35.Rg3+ Kf8 36.cxb5 Rdxd5
37.Rxd5 Rxd5 38.Rb3 f4 39.a4 Rd1+ 40.Kh2 f3 41.a5 fxg2 42.Kxg2  1-0

[Event "chess.com Blitz Final 1m+1spm 2016"]
[Site "chess.com INT"]
[Date "2016.10.27"]
[Round "22"]
[White "Carlsen,M"]
[Black "Nakamura,Hi"]
[Result "1-0"]
[WhiteElo "2853"]
[BlackElo "2787"]

1.e4 Nf6 2.e5 Nd5 3.Nf3 Nb6 4.d4 d6 5.Be2 Nc6 6.O-O g6 7.exd6 cxd6 8.d5 Ne5
9.Nxe5 dxe5 10.c4 Bg7 11.Nc3 O-O 12.c5 Nd7 13.Be3 Nf6 14.b4 h5 15.h3 Bf5
16.Qb3 Qd7 17.Rfd1 e4 18.Bf1 Rfd8 19.Rac1 Nh7 20.b5 Be5 21.c6 Qd6 22.b6 axb6
23.Nb5 Qf6 24.Bxb6 bxc6 25.Rxc6 Qg5 26.Bxd8 Rxd8 27.d6 Rb8 28.d7 Rd8 29.Rc8 Rxc8
30.dxc8=Q+ Bxc8 31.Rd8+ Kg7 32.Rxc8 h4 33.Qe3 Qf5 34.Rc5 Nf6 35.Nd4 Qf4 36.Qxf4 Bxf4
37.Nc2 g5 38.a4 g4 39.hxg4 Nxg4 40.Be2  1-0

[Event "chess.com Blitz Final 1m+1spm 2016"]
[Site "chess.com INT"]
[Date "2016.10.27"]
[Round "23"]
[White "Nakamura,Hi"]
[Black "Carlsen,M"]
[Result "1-0"]
[WhiteElo "2787"]
[BlackElo "2853"]

1.e4 e5 2.Nc3 Nc6 3.Bc4 Nf6 4.d3 Na5 5.Nge2 Nxc4 6.dxc4 Bc5 7.O-O d6 8.Qd3 O-O
9.Be3 Nd7 10.Ng3 a5 11.b3 h6 12.Rad1 Re8 13.Nd5 c6 14.Nc3 Bxe3 15.Qxe3 Nc5
16.Rd2 Qf6 17.Rfd1 Qf4 18.Qe1 Ne6 19.Rxd6 Nd4 20.Nce2 Nxe2+ 21.Qxe2 a4 22.b4 a3
23.c5 Be6 24.c3 Qg5 25.h3 h5 26.Kh2 Qf4 27.Kg1 Qg5 28.Kh1 h4 29.Nf1 Qf4 30.Nh2 g6
31.Nf3 Kg7 32.Qd2 Qxd2 33.R1xd2 Kf6 34.Nxh4 Ke7 35.Nf3 f6 36.Ne1 Red8 37.Rxd8 Rxd8
38.Rxd8 Kxd8 39.Nc2 Bxa2 40.Nxa3 Ke7 41.f3 f5 42.exf5 gxf5 43.Kg1 f4 44.c4 Ke6
45.Kf2 Kf5 46.Ke2 e4 47.fxe4+ Kxe4 48.Kd2 Bb3 49.h4 Kf5 50.Kd3 Bd1 51.Nc2 Kg4
52.Nd4 Kxh4 53.Ke4 Kg3 54.Nf5+ Kg4 55.Nh6+ Kg3 56.Nf5+ Kg4 57.Ke5 Be2 58.Nd6 Bf1
59.Nxb7 Bxg2 60.Nd6 Bf1 61.b5 cxb5 62.c6 Bxc4 63.c7  1-0

[Event "chess.com Blitz Final 1m+1spm 2016"]
[Site "chess.com INT"]
[Date "2016.10.27"]
[Round "24"]
[White "Carlsen,M"]
[Black "Nakamura,Hi"]
[Result "1/2-1/2"]
[WhiteElo "2853"]
[BlackElo "2787"]

1.e4 c5 2.Nf3 d6 3.Bb5+ Bd7 4.Bxd7+ Nxd7 5.O-O Ngf6 6.Qe2 e6 7.c4 Be7 8.d4 cxd4
9.Nxd4 O-O 10.Nc3 a6 11.b3 Rc8 12.Bb2 Qa5 13.Rac1 Bd8 14.Kh1 Bb6 15.Rfd1 Rfd8
16.f4 Ba7 17.Nf3 Ng4 18.Rf1 Be3 19.Rcd1 Bxf4 20.Nd4 Qg5 21.g3 Be5 22.Nf3 Qh5
23.Nxe5 Ndxe5 24.Na4 b5 25.Nb6 Rc6 26.Bxe5 Qxe5 27.Nd5 exd5 28.cxd5 Rc3 29.Qxg4 Re8
30.Rde1 Rc2 31.Re2 Rxe2 32.Qxe2 Qxe4+ 33.Qxe4 Rxe4 34.Rc1 Kf8 35.Rc6 Ke7
36.Rxa6 Rd4 37.a4 bxa4 38.bxa4 Rxd5 39.a5 Rd2 40.Ra8 Ra2 41.a6 h5 42.a7 g6
43.Kg1 d5 44.h4 d4 45.Kf1 d3 46.Ke1 Kf6 47.Rd8 Rxa7 48.Rxd3 Kf5 49.Rd4 Ra2
50.Kf1 f6 51.Rb4 Rd2 52.Kg1 Re2 53.Kf1 Re4 54.Rb6 Re6 55.Rb4 Re4 56.Rb6 Ke5
57.Kf2 Ra4 58.Rb2 Ke4 59.Re2+ Kf5 60.Kf3 Ra3+ 61.Kg2 g5 62.hxg5 Kxg5 63.Rb2 Re3
64.Rb4 f5 65.Ra4 Re4 66.Ra8 h4 67.Rg8+ Kf6 68.gxh4 Rxh4 69.Kf3 Ke5 70.Re8+ Kf6
71.Rf8+ Kg5 72.Rg8+ Kf6 73.Rf8+ Kg6 74.Rg8+ Kf7 75.Ra8 Rb4 76.Ra6 Ke7 77.Rh6  1/2-1/2

[Event "chess.com Blitz Final 1m+1spm 2016"]
[Site "chess.com INT"]
[Date "2016.10.27"]
[Round "25"]
[White "Nakamura,Hi"]
[Black "Carlsen,M"]
[Result "1/2-1/2"]
[WhiteElo "2787"]
[BlackElo "2853"]

1.e4 e5 2.Nc3 Nc6 3.Bc4 Nf6 4.d3 Na5 5.Nge2 Nxc4 6.dxc4 Be7 7.O-O O-O 8.Qd3 d6
9.Be3 c6 10.f3 Be6 11.Rfd1 Qc7 12.b3 Rfd8 13.Bg5 h6 14.Bxf6 Bxf6 15.Kh1 a6
16.a4 a5 17.Qe3 Bg5 18.Qf2 Qe7 19.Ng3 Bh4 20.Rd3 g6 21.Rad1 Rd7 22.Qd2 Bg5
23.Qf2 h5 24.Nge2 h4 25.f4 exf4 26.Nxf4 Qf6 27.Rf1 Bxf4 28.Qxf4 Qxf4 29.Rxf4 g5
30.Rf1 Kg7 31.Kg1 Re8 32.Re3 f6 33.Rd1 Red8 34.Kf2 Bf7 35.Rd2 Kf8 36.Ne2 Bg6
37.Nd4 Re7 38.Nf5 Re6 39.Nd4 Re5 40.c5 Ke7 41.Nf5+ Bxf5 42.exf5 Rxe3 43.Kxe3 dxc5
44.Rxd8 Kxd8 45.c4 Ke7 46.g4 Kd6 47.Ke4 Kc7 48.Ke3 Kd7 49.Kd3 Kd6 50.Ke4 Ke7
51.Kf3 Kd8 52.Ke3 Kc8 53.Kd3 Kb8 54.Ke3 Ka7 55.Kd3 Kb8 56.Ke3 Kc8 57.Kd3 Kd8
58.Ke3 Ke7 59.h3 Kf7 60.Kd3 Kg7 61.Ke3 Kh8 62.Kd3 Kg7 63.Ke3 Kf8 64.Kd3 Kf7
65.Ke3 Kg7 66.Kd3 Kg8 67.Ke3 Kf7 68.Ke4 Ke7 69.Ke3 Kd8 70.Ke4 Kc7 71.Ke3 Kb8
72.Ke4 Ka7 73.Ke3 Ka8 74.Ke4 Ka7 75.Ke3 Kb6 76.Ke4 Kc7 77.Ke3 b6 78.Kd3 Kd7
79.Ke3 Ke7 80.Kd3 Kf7 81.Ke3 Kg7 82.Kf3 Kh7 83.Ke3 Kh8 84.Kd3 Kg8 85.Ke3 Kf8
86.Kd3 Ke8 87.Ke3 Kd8 88.Kd3 Kc8 89.Ke3 Kb8 90.Kd3 Ka8 91.Ke3 Ka7 92.Kd3 Ka6
93.Ke3 Kb7 94.Kd3 Kc7 95.Ke3 Kd6 96.Ke4 Ke7 97.Ke3 Kf7 98.Kd3 Ke8 99.Ke3 Kd7
100.Kd3 Kd6 101.Ke4 Kc7 102.Ke3 b5 103.Kd3 Kb6 104.Ke4 bxa4 105.bxa4 Kc7
106.Kd3  1/2-1/2

[Event "Champions Showdown 60m"]
[Site "Saint Louis USA"]
[Date "2016.11.10"]
[Round "1.2"]
[White "Anand,V"]
[Black "Nakamura,Hi"]
[Result "1/2-1/2"]
[WhiteElo "2779"]
[BlackElo "2779"]

1.e4 e5 2.Nf3 Nc6 3.Bc4 Bc5 4.c3 Nf6 5.d3 d6 6.Nbd2 a6 7.Bb3 O-O 8.O-O Ba7
9.h3 h6 10.Re1 Re8 11.Nf1 Be6 12.Bc2 Ne7 13.d4 Ng6 14.Ng3 c6 15.Be3 Qc7 16.Qd2 Rad8
17.Rad1 b5 18.b3 Bb6 19.Qc1 Bc8 20.Bd3 c5 21.d5 Ba5 22.Qb2 Bd7 23.Rc1 Rb8
24.Nd2 Nf4 25.Bf1 Bb6 26.c4 Ba5 27.Red1 Qd8 28.Qc2 g6 29.a3 Kh7 30.Nf3 N6h5
31.Nxh5 Nxh5 32.Rb1 b4 33.Ra1 Bc8 34.Ne1 bxa3 35.Rxa3 Bb4 36.Ra2 Nf4 37.Nd3 Nxd3
38.Bxd3 g5 39.Be2 a5 40.Bd2 Kg7 41.Bxb4 axb4 42.Rda1 Re7 43.Bh5 Reb7 44.Qd3 Bd7
45.Ra6 Rb6 46.Ra7 R6b7 47.Qf3 Be8 48.Qf5 Qe7 49.Rxb7 Qxb7 50.h4 Qe7 51.hxg5 hxg5
52.Ra6 Bd7 53.Qf3 Bc8 54.Ra2 Bb7 55.Bg4 Bc8 56.g3 Bxg4 57.Qxg4 Qf6 58.Kg2  1/2-1/2

[Event "Champions Showdown 60m"]
[Site "Saint Louis USA"]
[Date "2016.11.10"]
[Round "2.1"]
[White "Caruana,F"]
[Black "Nakamura,Hi"]
[Result "1/2-1/2"]
[WhiteElo "2823"]
[BlackElo "2779"]

1.e4 e5 2.Nf3 Nc6 3.Bb5 Nf6 4.d3 Bc5 5.c3 O-O 6.O-O Re8 7.Nbd2 a6 8.Bxc6 dxc6
9.Nc4 Bg4 10.h3 Bh5 11.Bg5 b5 12.Na5 Qd7 13.Bxf6 gxf6 14.Nb3 Bb6 15.c4 c5
16.g4 Bg6 17.Qe2 Rad8 18.Rad1 Re6 19.Nc1 Rd6 20.b3 a5 21.Nh4 a4 22.Kh2 Ba5
23.Qe3 bxc4 24.bxc4 Kf8 25.Ng2 Rb8 26.Qh6+ Ke8 27.Ne3 Rb2 28.h4 Rd2 29.Qg7 Bxe4
30.dxe4 Rxd1 31.Rxd1 Rxd1 32.Qh8+ Ke7 33.Nf5+ Ke6 34.Qf8 Qd8 35.Qxc5 Bb6
36.Qc6+ Rd6 37.Nxd6 Qxd6 38.Qe8+ Qe7 39.Qxa4 Bxf2 40.Nd3 Bd4 41.Nb4 Bb6 42.Nd5 Qc5
43.Qe8+ Kd6 44.Qe7+ Kc6 45.Nb4+ Kb7 46.Qxc5 Bxc5 47.Nd5 Bf2 48.Kh3 Kc6 49.Nxf6 Kc5
50.Nxh7 Kxc4 51.h5 Kd3 52.Nf6 Be3 53.Nd5 Bg5 54.Nxc7 Kxe4 55.a4 Kd3 56.a5 e4
57.a6 e3 58.a7 e2 59.a8=Q e1=Q 60.Qd5+ Ke2 61.Qe4+ Be3 62.Qg2+ Bf2 63.Qe4+ Be3
64.Qg2+ Bf2  1/2-1/2

[Event "Champions Showdown 60m"]
[Site "Saint Louis USA"]
[Date "2016.11.11"]
[Round "4.2"]
[White "Nakamura,Hi"]
[Black "Anand,V"]
[Result "0-1"]
[WhiteElo "2779"]
[BlackElo "2779"]

1.c4 e5 2.Nc3 Bb4 3.Nd5 Bc5 4.Nf3 c6 5.Nc3 d6 6.e3 Bb4 7.d4 e4 8.Nd2 Bxc3
9.bxc3 Nf6 10.Ba3 O-O 11.c5 d5 12.Be2 Re8 13.O-O b5 14.Bc1 a6 15.a4 Qd7 16.f4 exf3
17.Nxf3 Ne4 18.Ne5 Rxe5 19.dxe5 Nxc3 20.Qc2 Nxa4 21.e4 Qe8 22.Bd3 d4 23.e6 Bxe6
24.Bf4 a5 25.Bd6 Na6 26.e5 g6 27.Rf4 Nb4 28.Qd2 Nxd3 29.Qxd3 Nc3 30.Rxd4 b4
31.Qd2 h5 32.h3 Qd8 33.Rf1 Kh7 34.Rf6 Nd5 35.Qg5 Qg8 36.Qh4 Nxf6 37.exf6 b3
38.Be5 Qf8 39.Rd6 Bd5 40.Kh2 a4 41.Qb4 Qe8 42.Bb2 a3  0-1

[Event "Champions Showdown 60m"]
[Site "Saint Louis USA"]
[Date "2016.11.12"]
[Round "6.2"]
[White "Topalov,V"]
[Black "Nakamura,Hi"]
[Result "1-0"]
[WhiteElo "2760"]
[BlackElo "2779"]

1.e4 e5 2.Nf3 Nc6 3.Bb5 Nf6 4.O-O Nxe4 5.Re1 Nd6 6.Nxe5 Be7 7.Bf1 Nf5 8.Nf3 O-O
9.d4 d5 10.c3 Bd6 11.Bd3 Nce7 12.Nbd2 c6 13.Qc2 g6 14.Nf1 Ng7 15.Ng3 f6 16.Bh6 Re8
17.Nh4 Bxg3 18.hxg3 Nef5 19.Qd2 g5 20.Rxe8+ Qxe8 21.Re1 Qd8 22.Nxf5 Nxf5
23.Bxf5 Bxf5 24.Qe2 Kf7 25.g4 Bd7 26.f4 Kg6 27.fxg5 fxg5 28.Qe5 Qf6 29.Qh2 Bxg4
30.Re5 Bf5 31.g4 Bxg4 32.Rxg5+ Qxg5 33.Bxg5 Kxg5 34.Qxh7 b6 35.Qb7 Rc8 36.Qxa7 b5
37.b3 Kf4 38.Kf2 Bf5 39.a4 bxa4 40.bxa4 Ke4 41.a5 Rh8 42.Qc7 Kd3 43.a6  1-0

[Event "Champions Showdown Rapid"]
[Site "Saint Louis USA"]
[Date "2016.11.13"]
[Round "2.1"]
[White "Caruana,F"]
[Black "Nakamura,Hi"]
[Result "0-1"]
[WhiteElo "2823"]
[BlackElo "2779"]

1.e4 e5 2.Nf3 Nc6 3.Bc4 Bc5 4.c3 Nf6 5.b4 Bb6 6.d3 d6 7.a4 a5 8.b5 Ne7 9.Nbd2 Ng6
10.O-O O-O 11.Bb3 c6 12.Nc4 Bc7 13.Re1 h6 14.d4 Be6 15.Ba3 Bxc4 16.Bxc4 Re8
17.Bb3 d5 18.exd5 cxd5 19.dxe5 Nxe5 20.Bc5 Nxf3+ 21.Qxf3 Bxh2+ 22.Kf1 Be5
23.Bd4 Bxd4 24.Rxe8+ Qxe8 25.cxd4 Qd7 26.Re1 Rc8 27.Qf4 b6 28.Ba2 Qc7 29.Qe5 Kf8
30.g3 Qd7 31.Qf4 Ne4 32.Bb1 g5 33.Qe3 Rc3 34.Bd3 Ra3 35.Qe2 Rxa4 36.Bxe4 dxe4
37.Qxe4 Qxd4 38.Qa8+ Kg7 39.Re8 Ra2 40.Qf3 Rb2 41.Re7 Qf6 42.Qe3 Rxb5 43.Rc7 Qe5  0-1

[Event "Champions Showdown Rapid"]
[Site "Saint Louis USA"]
[Date "2016.11.13"]
[Round "3.2"]
[White "Nakamura,Hi"]
[Black "Topalov,V"]
[Result "1/2-1/2"]
[WhiteElo "2779"]
[BlackElo "2760"]

1.d4 Nf6 2.c4 e6 3.Nc3 Bb4 4.Qc2 O-O 5.Nf3 c5 6.dxc5 Na6 7.g3 Nxc5 8.Bg2 b6
9.O-O Bb7 10.Nb5 Be4 11.Qd1 Nb7 12.a3 Be7 13.Bf4 Rc8 14.Rc1 a6 15.Nc3 Bxf3
16.Bxf3 Na5 17.b4 Nxc4 18.Bb7 Nh5 19.Bxc8 Qxc8 20.Bd2 b5 21.e4 Nf6 22.Bg5 h6
23.Bxf6 Bxf6 24.a4 Qb7 25.axb5 axb5 26.Qe2 Rc8 27.Rfd1 Bg5 28.Rb1 Bf6 29.Rb3 g6
30.Nb1 h5 31.Nd2 Kg7 32.Nf3 d6 33.h4 Ra8 34.Ng5 Qe7 35.Nf3 Ra4 36.e5 Bxe5
37.Nxe5 dxe5 38.Qe1 Qb7 39.Rbd3 Ra2 40.Ra1 Rb2 41.Qc3 Qb6 42.Rf1 Ra2 43.Qb3 Re2
44.Qd1 Rb2 45.g4 e4 46.Rg3 e3 47.Qd3 exf2+ 48.Kh2 Rd2 49.Qc3+ Qd4 50.gxh5 Qxc3
51.Rxc3 gxh5 52.Kg2 Rd4 53.Rg3+ Kf8 54.Rxf2 Rxh4 55.Ra2 Nd6 56.Rd3 Nf5 57.Ra7 Rxb4
58.Rdd7 Nh6 59.Rdb7 Kg7 60.Ra5 Kg6 61.Rbxb5 Rxb5 62.Rxb5 f6 63.Rb8 e5 64.Kf3 Nf7
65.Kg3 Nd6 66.Rg8+ Kf7 67.Rh8 Nf5+ 68.Kf3 Kg6 69.Rg8+ Kh7 70.Ra8 Kg7 71.Rb8 Nh4+
72.Ke4 Kh6 73.Rb1 Kg6 74.Rh1 Kg5 75.Rg1+ Kh6 76.Rh1 Kg5 77.Rg1+ Kh6 78.Rh1  1/2-1/2

[Event "Champions Showdown Rapid"]
[Site "Saint Louis USA"]
[Date "2016.11.13"]
[Round "4.2"]
[White "Nakamura,Hi"]
[Black "Anand,V"]
[Result "1/2-1/2"]
[WhiteElo "2779"]
[BlackElo "2779"]

1.c4 e5 2.Nc3 Bb4 3.Nd5 Bc5 4.Nf3 c6 5.Nc3 d6 6.e3 Bb4 7.d4 Bxc3+ 8.bxc3 e4
9.Nd2 Nf6 10.Ba3 b6 11.f4 c5 12.Be2 h5 13.Qc2 Bf5 14.g3 Nc6 15.h3 Qd7 16.O-O-O O-O-O
17.Nb3 Qc7 18.Rdg1 Kb8 19.d5 Ne7 20.Kb1 Qc8 21.Bf1 Rhg8 22.Qf2 g5 23.Ka1 gxf4
24.exf4 Rg6 25.Bc1 Rdg8 26.Be3 Bd7 27.f5 Nxf5 28.Bf4 Ka8 29.Be2 Qe8 30.Qe1 e3
31.Bf3 Bc8 32.Rh2 Ba6 33.Be2 Qe4 34.Qf1 Qe7 35.Bd3 Nxg3 36.Qf3 Nfe4 37.Qxe3 h4
38.Nd2 f5 39.Rhg2 Qf6 40.Bxe4 Nxe4 41.Rxg6 Rxg6 42.Rc1 Qe7 43.Re1 Qg7 44.Rc1 Qe7
45.Re1 Qg7 46.Rc1  1/2-1/2

[Event "Champions Showdown Rapid"]
[Site "Saint Louis USA"]
[Date "2016.11.13"]
[Round "5.1"]
[White "Nakamura,Hi"]
[Black "Caruana,F"]
[Result "1-0"]
[WhiteElo "2779"]
[BlackElo "2823"]

1.d4 Nf6 2.c4 e6 3.Nf3 d5 4.Nc3 dxc4 5.e4 Bb4 6.Bxc4 Nxe4 7.O-O Nxc3 8.bxc3 Bd6
9.Bg5 Be7 10.Bxe7 Qxe7 11.Re1 O-O 12.Ne5 Nd7 13.Nxf7 Nb6 14.Ne5 Nxc4 15.Nxc4 b6
16.Qg4 Bb7 17.Ne5 Rf6 18.Qe2 Raf8 19.f3 c5 20.Rad1 Rf4 21.Nd3 Ba6 22.Qxe6+ Qxe6
23.Rxe6 Bxd3 24.Rxd3 cxd4 25.cxd4 Rd8 26.Re4 Rf5 27.Re7 Rf7 28.Re5 Rc7 29.d5 Kf7
30.Kf2 Rc2+ 31.Re2 Rc5 32.d6 Rd7 33.Rd4 Rf5 34.Rde4 a5 35.g4 Rf6 36.Re7+ Rxe7
37.Rxe7+ Kf8 38.Rd7 b5 39.Ke3 b4 40.Ke4 a4 41.f4 Rh6 42.h4 b3 43.axb3 axb3
44.Ke5 Rxh4 45.Rb7 Ke8 46.Rxg7 b2 47.Rb7 Rxg4 48.Rxb2 Rg1 49.Rb8+  1-0

[Event "Champions Showdown Rapid"]
[Site "Saint Louis USA"]
[Date "2016.11.13"]
[Round "6.2"]
[White "Topalov,V"]
[Black "Nakamura,Hi"]
[Result "1/2-1/2"]
[WhiteElo "2760"]
[BlackElo "2779"]

1.d4 Nf6 2.c4 g6 3.Nc3 Bg7 4.e4 d6 5.f3 O-O 6.Be3 a6 7.Bd3 c6 8.Nge2 b5 9.O-O bxc4
10.Bxc4 d5 11.Bb3 a5 12.Kh1 Ba6 13.Rc1 e6 14.Bg5 h6 15.Bh4 g5 16.Bf2 Nbd7
17.e5 Nh5 18.Na4 Bb5 19.Re1 f6 20.exf6 Qxf6 21.Nec3 Ba6 22.Ne2 g4 23.Ng1 Nf4
24.Rxc6 Nd3 25.Bg3 Nxe1 26.Qxe1 Rfe8 27.Nc3 Qf7 28.fxg4 Bxd4 29.Nf3 Bg7 30.g5 h5
31.Bc2 Nf8 32.h3 Rec8 33.Rd6 Rd8 34.g6 Qe8 35.Ba4 Qxg6 36.Nxd5 Kh8 37.Nf4 Qf5
38.Nh4 Qf7 39.Rb6 Bd4 40.Rc6 Rdc8 41.Qe4 Bg7 42.Nhg6+ Nxg6 43.Nxg6+ Kg8 44.Ne5 Qf5
45.Qxf5 exf5 46.Rb6 Rcb8 47.Rg6 Kh7 48.Rg5 Bf6 49.Rxf5 Kg7 50.Rxf6 Kxf6 51.Nd7+ Kf5
52.Nxb8 Bc4 53.b3 Bd3 54.Nc6 Bb1 55.a3 Kf6 56.Bb5 Re8 57.Kh2 Re3 58.Nxa5 Rc3
59.Bc4 Be4 60.Bf1 Rc1 61.Nc4 Ba8 62.Ne3 Rc3 63.Bf4 Rxb3 64.a4 Rb4 65.Bc4 Rxa4
66.h4 Ra3 67.Be2 Kg6 68.Kg3 Be4 69.Bf3 Bb1 70.Nc4 Rc3 71.Ne5+ Kf6 72.Kh2 Kf5
73.Bg3 Be4 74.Bxh5 Rxg3 75.Kxg3 Kxe5 76.Bf3 Bf5 77.Kf2 Bd7 78.Ke3 Be6 79.g3 Bd7
80.Bh5 Be6 81.Be8 Kf5 82.Bh5 Ke5 83.Be2 Bd7 84.Kd2 Be6 85.Kc3 Ke4 86.Bd1 Ke5
87.Kb4 Kd4 88.Kb5 Ke5 89.Kc5 Bd7 90.Be2 Be8 91.g4 Kf4 92.g5 Ke5 93.Bd1 Bf7
94.Be2 Be8 95.Kb6 Kd6 96.Bd3 Bh5 97.Bc2 Be8 98.Bd1 Bf7 99.h5 Ke5 100.g6 Be8
101.h6 Bxg6  1/2-1/2

[Event "Champions Showdown Blitz"]
[Site "Saint Louis USA"]
[Date "2016.11.14"]
[Round "1.2"]
[White "Anand,V"]
[Black "Nakamura,Hi"]
[Result "1/2-1/2"]
[WhiteElo "2779"]
[BlackElo "2779"]

1.e4 e5 2.Nf3 Nc6 3.Bb5 Nf6 4.d3 Bc5 5.Bxc6 dxc6 6.h3 Be6 7.Nc3 Nd7 8.Ng5 Qe7
9.Nxe6 Qxe6 10.Qg4 Qg6 11.Ne2 Bd6 12.Ng3 Nf8 13.Nf5 Ne6 14.Be3 h5 15.Qxg6 fxg6
16.Nh4 Kf7 17.Nf3 Kf6 18.h4 Rhe8 19.Ke2 Bc5 20.Rag1 Rh8 21.Bg5+ Nxg5 22.hxg5+ Ke6
23.Nh4 Rhf8 24.Rf1 Kf7 25.Rh3 Be7 26.Rf3+ Ke6 27.Rxf8 Rxf8 28.Nxg6 Re8 29.f4 exf4
30.Nxf4+ Kd6 31.Nxh5 g6 32.Nf6 Rh8 33.d4 Ke6 34.c4 Rh4 35.Kd3 Bd8 36.d5+ Ke5
37.g3 Rh3 38.Ng4+ Kd6 39.e5+ Kc5 40.Ke4 Rxg3 41.Nf6 Rxg5 42.Nd7+ Kxc4 43.Rc1+ Kb4
44.dxc6 bxc6 45.Rxc6 Rg2 46.a3+ Kb3 47.Nc5+ Kxb2 48.Ne6 Bh4 49.Rxc7  1/2-1/2

[Event "Champions Showdown Blitz"]
[Site "Saint Louis USA"]
[Date "2016.11.14"]
[Round "2.1"]
[White "Caruana,F"]
[Black "Nakamura,Hi"]
[Result "0-1"]
[WhiteElo "2823"]
[BlackElo "2779"]

1.Nf3 d5 2.c4 e6 3.b3 Nf6 4.Bb2 c5 5.e3 Nc6 6.cxd5 exd5 7.Bb5 Bd6 8.O-O O-O
9.d4 cxd4 10.Nxd4 Qe7 11.Nd2 Bg4 12.Be2 Qe5 13.g3 Qh5 14.Bxg4 Nxg4 15.N2f3 Nce5
16.Kg2 Qg6 17.Nb5 Nd3 18.Bd4 Bc5 19.Qd2 Bxd4 20.exd4 a6 21.Nc3 Rac8 22.Rad1 Nf4+
23.Qxf4 Rxc3 24.Ne5 Nxe5 25.dxe5 Rd8 26.Rd2 Qc6 27.Qd4 h6 28.Rfd1 a5 29.h4 b5
30.Kh2 b4 31.Qg4 Rc2 32.Qf3 Rxd2 33.Rxd2 Qc3 34.Rd3 Qxe5 35.Re3 Qd6 36.Rd3 d4
37.Qf5 Qd5 38.Qxd5 Rxd5 39.Kg2 f5 40.h5 Kf7 41.Kf3 g5 42.hxg6+ Kxg6 43.Kf4 Kf6
44.f3 h5 45.Rd1 d3 46.Ke3 Kg5 47.Rd2 Rd8 48.f4+ Kg4 49.Kf2 h4 50.gxh4 Kxf4
51.h5 Ke4 52.Rd1 Rh8 53.Rh1 Kd4 54.h6 Kc3 55.Rc1+ Kb2 56.Rc6  0-1

[Event "Champions Showdown Blitz"]
[Site "Saint Louis USA"]
[Date "2016.11.14"]
[Round "3.2"]
[White "Nakamura,Hi"]
[Black "Topalov,V"]
[Result "1-0"]
[WhiteElo "2779"]
[BlackElo "2760"]

1.e4 c5 2.Nf3 d6 3.d4 cxd4 4.Nxd4 Nf6 5.Nc3 a6 6.h3 e5 7.Nde2 h5 8.Bg5 Be6
9.g3 Nbd7 10.Bg2 Be7 11.Qd2 Rc8 12.a4 Rc4 13.b3 Rc5 14.Be3 Rc7 15.f4 Nb8
16.Bb6 Qc8 17.Bxc7 Qxc7 18.f5 Bd7 19.O-O Qc5+ 20.Kh1 Bc6 21.Nd5 Bxd5 22.exd5 Nbd7
23.c4 a5 24.Nc3 Bd8 25.Nb5 Bb6 26.Rab1 Ke7 27.Qg5 Qe3 28.Qxe3 Bxe3 29.b4 axb4
30.Rxb4 Ra8 31.Ra1 Ra5 32.Rb3 Bc5 33.Nc3 b6 34.Nb5 Nf8 35.Bf3 N8h7 36.h4 Kd7
37.Kg2 Nf8 38.Nc3 Ke7 39.Rb5 Ra7 40.a5 Bd4 41.Ra3 bxa5 42.Ne4 Nxe4 43.Bxe4 Nd7
44.Rbxa5 Rc7 45.Bd3 Kf6 46.Be2 Nc5 47.Bxh5 Kxf5 48.Rf3+ Ke4 49.Bxf7 Bb2 50.Rb5 Bc1
51.Rb1 Bh6 52.Rd1  1-0

[Event "Champions Showdown Blitz"]
[Site "Saint Louis USA"]
[Date "2016.11.14"]
[Round "4.2"]
[White "Nakamura,Hi"]
[Black "Anand,V"]
[Result "1/2-1/2"]
[WhiteElo "2779"]
[BlackElo "2779"]

1.e4 e5 2.Nf3 Nc6 3.Bb5 Nf6 4.O-O Nxe4 5.Re1 Nd6 6.Nxe5 Be7 7.Bf1 Nxe5 8.Rxe5 O-O
9.Nc3 Bf6 10.Re1 Re8 11.Nd5 Rxe1 12.Qxe1 b6 13.g3 Bb7 14.Bg2 Bxd5 15.Bxd5 c6
16.Bg2 Qe8 17.Qf1 Qe6 18.d3 b5 19.a3 a5 20.c3 Re8 21.Bf4 b4 22.Bh3 Qe7 23.axb4 axb4
24.d4 bxc3 25.bxc3 Nb5 26.Qd3 d5 27.Bf1 g6 28.Qf3 Qd7 29.Ra6 Bg7 30.Kg2 Qb7
31.Ra2 Nc7 32.Qd1 Ne6 33.Be3 c5 34.Qa4 Rb8 35.Kg1 cxd4  1/2-1/2

[Event "Champions Showdown Blitz"]
[Site "Saint Louis USA"]
[Date "2016.11.14"]
[Round "5.1"]
[White "Nakamura,Hi"]
[Black "Caruana,F"]
[Result "0-1"]
[WhiteElo "2779"]
[BlackElo "2823"]

1.d4 Nf6 2.c4 c6 3.Nf3 d5 4.e3 Bf5 5.Nc3 e6 6.Nh4 Be4 7.f3 Bg6 8.Qb3 Qc7
9.Nxg6 hxg6 10.Bd2 Be7 11.cxd5 cxd5 12.O-O-O Nc6 13.Kb1 a6 14.Rc1 Nd7 15.Bd3 Rc8
16.Ne2 b5 17.e4 Nb6 18.exd5 exd5 19.Nf4 Qd6 20.Ne2 Nc4 21.Bf4 Qd7 22.g4 g5
23.Bf5 Qd8 24.Be3 Rc7 25.Ka1 g6 26.Bb1 Qd6 27.Bf2 Rc8 28.Bg3 Qd7 29.Qd3 a5
30.f4 a4 31.fxg5 Bxg5 32.Nf4 Bf6 33.Nxg6 Bxd4 34.Rce1+ Kd8 35.Qxd4 Nxd4 36.Nxh8 Nb3+
37.axb3 axb3 38.Bh4+ Kc7 39.Bf5 Nd2 40.Rc1+ Kb6 41.Bf2+ d4  0-1

[Event "Champions Showdown Blitz"]
[Site "Saint Louis USA"]
[Date "2016.11.14"]
[Round "6.2"]
[White "Topalov,V"]
[Black "Nakamura,Hi"]
[Result "0-1"]
[WhiteElo "2760"]
[BlackElo "2779"]

1.d4 Nf6 2.c4 g6 3.Nc3 Bg7 4.e4 d6 5.f3 O-O 6.Be3 Nc6 7.Nge2 a6 8.Qd2 Na5
9.b3 b5 10.cxb5 axb5 11.Rc1 c6 12.Ng3 h5 13.Bd3 e5 14.Nge2 b4 15.Na4 exd4
16.Bxd4 c5 17.Bf2 Nd7 18.O-O Ne5 19.Rfd1 Be6 20.Nf4 Bxb3 21.axb3 Nxb3 22.Qc2 Nxc1
23.Rxc1 Bh6  0-1